Responses for Show #7195 - Friday, December 18, 2015

WE ASKED: NYT crossword puzzle editor Will Shortz.

Contestants

[<< previous game]

Kiyana Holderbaum, an instructional designer from Long Beach, California

Julie Graves, a public health doctor from Houston, Texas

Claudia Corriere, a church musician and homemaker from Kennesaw, Georgia (whose 1-day cash winnings total $7,800)

[next game >>]

Jeopardy! Round responses

FILL IN THE BLANK CANVAS
(Alex: We're talking about paintings, obviously.)
MOVIE CAMEOS
ANAGRAMMED FORMER WORLD LEADERS
NUT-TRITION
CEREMONIES
THE NEW YORK TIMES CROSSWORD
(Will Shortz: In honor of Crossword Puzzle Day on Monday, I'm puzzle editor Will Shortz. You'll do better at home in this category if you worked on our crosswords this week.)
    $200 16
ear

Kiyana
    $200 11
Larry Bird

Claudia
    $200 21
Indira Gandhi

Julie
    $200 6
calcium

Julie
    $200 1
communion

Claudia
    $200 26
(Claudia: What is trickle-down?)

Reaganomics

Claudia
Triple Stumper
    $400 17
Blue

Claudia
    $400 12
(Stephenie) Meyer

Claudia
    $400 22
Silvio Berlusconi

Claudia
    $400 7
Brazil nuts

Julie
    $1,000 2
Gettysburg

Claudia
    $400 27
Candy Land

Kiyana
    $600 18
Sunday

Claudia
    $600 13
Jerry Maguire

Kiyana
    $600 23
Manuel Noriega

Triple Stumper
    $600 8
pine nuts

Claudia
    $600 3
funerals

Julie
    $600 28
letterhead

Claudia
    $800 19
staircase

Julie
    $800 14
Erin Brockovich

Julie
    $800 24
Tony Blair

Triple Stumper
    $800 9
vision

Julie
    $800 4
a ribbon cutting

Kiyana
    $800 29
bodice ripper

Julie
    $1000 20
(Kiyana: What is time?)

memory

ClaudiaKiyana
    $1000 15
(Alfred) Hitchcock

Claudia
    $1000 25
Ariel Sharon

Triple Stumper
    $1000 10
tryptophan

Kiyana
    $1000 5
knight

Julie
    $1000 30
(Alex: And we do want to thank the puzzle master, Will Shortz, for that category. He's the only person in America who has a degree in enigmatology. Thanks, Will.)

Seth Meyers

Triple Stumper

Scores at the first commercial break (after clue 15):

Claudia Julie Kiyana
$3,400 $3,800 $2,400

Scores at the end of the Jeopardy! Round:

Claudia Julie Kiyana
$6,200 $5,600 $2,000

Double Jeopardy! Round responses

THE ROMANTIC POETS
HONEST "ABE"
PALACES
INTERNATIONAL SWIMMING HALL OF FAMERS
MINNEAPOLIS
ST. PAUL
    $400 21
the Ancient Mariner

Claudia
    $400 1
mislabel

Claudia
    $400 9
the Winter Palace for the Romanovs

Triple Stumper
    $400 8
Mark Spitz

Claudia
    $400 7
Pillsbury

Julie
    $400 5
Damascus

Claudia
    $800 22
a nightingale

Julie
    $800 2
habeas corpus

Claudia
    $800 10
the Dalai Lama

Julie
    $2,500 14
(Jacques) Cousteau

Julie
    $800 16
Prince

Claudia
    $800 6
(Julie: What are Apostles?)

Christians

Julie
Triple Stumper
    $1200 23
Lord Byron

Kiyana
    $1200 3
the caber

Triple Stumper
    $1200 11
Brunei

Julie
    $1200 15
Greg Louganis

Kiyana
    $1200 28
1929

Triple Stumper
    $1200 17
the Corinthians

Claudia
    $1600 24
(Claudia: Who is Burns?)
(Julie: Who is Tennyson?)

Sir Walter Scott

ClaudiaJulie
Triple Stumper
    $1600 4
sabermetrics

Triple Stumper
    $3,000 12
(Alex: It's a pretty palace, isn't it? You've been there.)
(Julie: Yeah.)
(Alex: Yeah. Good for you.)

Vienna

Julie
    $1600 26
(Prince) Albert

Claudia
    $1600 29
(Julie: What is Tonka?)

Minnetonka

Julie
Triple Stumper
    $1600 18
gentiles

Claudia
    $2000 25
Prometheus

Julie
    $2000 20
an astrolabe

Claudia
    $2000 13
the Alhambra

Julie
    $2000 27
Esther Williams

Claudia
    $2000 30
the Millers

Triple Stumper
    $2000 19
Tarsus

Kiyana

Scores at the end of the Double Jeopardy! Round:

Claudia Julie Kiyana
$16,200 $14,300 $6,400

[wagering suggestions for these scores]

Final Jeopardy! Round responses

AMERICANA
(Alex: [To Kiyana] Have you ever had [*]?)
(Kiyana: I have not, but I might need to now.)
KiyanaWhat is a pink flamingo?
$4,000
JulieWhat are pink flamingos
$1,901
ClaudiaWhat is plastic flamingo?
$5,000
a pink flamingo

Final scores:

Claudia Julie Kiyana
$21,200 $16,201 $10,400
2-day champion: $29,000 2nd place: $2,000 3rd place: $1,000

Game dynamics:

Coryat scores:

Claudia Julie Kiyana
$15,600 $11,200 $6,400
22 R
(including 1 DD),
2 W
17 R
(including 2 DDs),
3 W
8 R,
1 W

Combined Coryat: $33,200

[game clues] [game scores] [suggest correction]

Game tape date: 2015-10-21
The J! Archive is created by fans, for fans. Scraping, republication, monetization, and malicious use prohibited; this site may use cookies and collect identifying information. See terms. The Jeopardy! game show and all elements thereof, including but not limited to copyright and trademark thereto, are the property of Jeopardy Productions, Inc. and are protected under law. This website is not affiliated with, sponsored by, or operated by Jeopardy Productions, Inc. Join the discussion at JBoard.tv.